Informática, presente y futuro (Registro nro. 4475)
[ vista simple ]
| 000 -LEADER | |
|---|---|
| fixed length control field | 01610 a2200205 4500 |
| 001 - CONTROL NUMBER | |
| control field | 47892 |
| 005 - DATE AND TIME OF LATEST TRANSACTION | |
| control field | 20260407155744.0 |
| 008 - FIXED-LENGTH DATA ELEMENTS--GENERAL INFORMATION | |
| fixed length control field | 260407a1985 arg spa d |
| 003 - CONTROL NUMBER IDENTIFIER | |
| control field | AR-UNSa-BCEJYS |
| 040 ## - CATALOGING SOURCE | |
| Original cataloging agency | AR-UNSa-BCEJYS |
| Language of cataloging | spa |
| Transcribing agency | AR-UNSa-BCEJYS |
| 080 ## - UNIVERSAL DECIMAL CLASSIFICATION NUMBER | |
| Universal Decimal Classification number | 004.2 |
| Common auxiliary subdivision | Análisis y diseños de sistemas |
| 020 ## - INTERNATIONAL STANDARD BOOK NUMBER | |
| International Standard Book Number | 968-451-567-7 |
| 100 1# - MAIN ENTRY--PERSONAL NAME | |
| Personal name | Sanders, Donald H. |
| 245 10 - TITLE STATEMENT | |
| Title | Informática, presente y futuro |
| 264 #1 - PRODUCTION, PUBLICATION, DISTRIBUTION, MANUFACTURE, AND COPYRIGHT NOTICE | |
| Place of production, publication, distribution, manufacture | México : |
| Name of producer, publisher, distributor, manufacturer | McGraw-Hill |
| Date of production, publication, distribution, manufacture, or copyright notice | 1985 |
| 300 ## - PHYSICAL DESCRIPTION | |
| Extent | 670 p. |
| Dimensions | 24 cm. |
| 505 ## - FORMATTED CONTENTS NOTE | |
| Formatted contents note | 1. Qué son las computadoras: Introducción - 2. Computadoras en el trabajo: panorama general - 3. Beneficios de las computadoras: resumen - 4. Efecto de la computadora en el trabajo: panorama - 5. Conceptos sobre el procesador central: los códigos y los componentes - 6. Captura de datos - 7. Almacenamiento secundario de las computadoras - 8. Salida de computadoras - 9. Micros, minis, macros y supercomputadoras - 10. Comunicación de datos y redes de proceso distribuido de datos - 11. Sistemas de proceso de la palabra y de correo/mensajería electrónicos - 12. Análisis de la programación - 13. Preparación de programas para computadora: panorama - 14. Programación en BASIC - 15. Sistemas operativos: conceptos y funciones - 16. Consideraciones de análisis, diseño e implantación de sistemas - 17. Opciones de archivo y proceso de los sistemas - 18. Sistemas de información gerencial - 19. El efecto de las computadoras en la sociedad - 20. El efecto de las computadoras en las organizaciones - 21. El futuro de las computadoras - |
| 590 ## - LOCAL NOTE (RLIN) | |
| Local note | niveau_biblio:m niveau_hierar:0 |
| 942 ## - ADDED ENTRY ELEMENTS (KOHA) | |
| Koha item type | |
| Withdrawn status | Lost status | Damaged status | Not for loan | Home library | Current library | Shelving location | Date acquired | Total checkouts | Full call number | Barcode | Date last seen | Price effective from | Koha item type |
|---|---|---|---|---|---|---|---|---|---|---|---|---|---|
| Biblioteca Prof. Eusebio Cleto del Rey | Biblioteca Prof. Eusebio Cleto del Rey | 07/04/2026 | 004.2 S214 | L45253 | 07/04/2026 | 07/04/2026 | Libro |